| 000 | 00718nam a22002177a 4500 | ||
|---|---|---|---|
| 999 |
_c19511 _d19511 |
||
| 003 | AR-CdUCM | ||
| 008 | 190517b ||||| |||| 00| 0 spa d | ||
| 040 |
_aMUNICIPALIDAD PROVINCIAL DEL CUSCO _cBIBLIOTECA MUNICIPAL DEL CUSCO |
||
| 082 |
_a828.45 / _bM662 |
||
| 100 |
_aMilton, John _96739 |
||
| 245 | _aEl paraíso perdido / | ||
| 260 |
_aBarcelona : _bCasa Edit. Maucci, _c1910. |
||
| 300 |
_a558 páginas ; _c20 cm. |
||
| 505 | _aContenido: Poesías bíblicas. | ||
| 650 |
_aPoesías bíblicas _910079 |
||
| 650 |
_aPoesías épicas inglesas _940883 |
||
| 650 |
_aPoesías religiosas inglesas _940884 |
||
| 700 |
_aEscoiquiz, Don Juan (traducción) _940885 |
||
| 942 |
_2ddc _cLIBROS |
||
| 945 |
_adavv _d2019-05-17 |
||